Избранные труды: в 3 т.; [перевод]

Detalles Bibliográficos
Autor Principal: Пуанкаре Ж. А. Жюль Анри
Autor Corporativo: Академия наук СССР (АН СССР)
Outros autores: Боголюбов Н. Н. (редактор)
Idioma:ruso
Publicado: Москва, Наука, 1971-1974
Series:Классики науки
Formato: MixedMaterials Libro
KOHA link:https://koha.lib.tpu.ru/cgi-bin/koha/opac-detail.pl?biblionumber=151652

MARC

LEADER 00000nam1a2200000 4500
001 151652
005 20231101221557.0
035 |a (RuTPU)RU\TPU\book\164420 
090 |a 151652 
100 |a 20090126d19711974k y0rusy50 ca 
101 1 |a rus  |c fre 
102 |a RU 
200 1 |a Избранные труды  |e в 3 т.  |e [перевод]  |f Ж. А. Пуанкаре  |g Академия наук СССР (АН СССР) ; под ред. Н. Н. Боголюбова 
210 |a Москва  |c Наука  |d 1971-1974 
225 1 |a Классики науки 
700 1 |a Пуанкаре  |b Ж. А.  |c французский математик  |c физик  |c философ  |c астроном  |f 1854-1912  |g Жюль Анри  |2 stltpush  |3 (RuTPU)RU\TPU\pers\8982  |9 1713 
702 1 |a Боголюбов  |b Н. Н.  |4 340 
712 0 2 |a Академия наук СССР (АН СССР)  |2 stltpush  |3 (RuTPU)RU\TPU\col\722 
801 1 |a RU  |b 63413507  |c 20090126  |g PSBO 
801 2 |a RU  |b 63413507  |c 20140109  |g RCR 
942 |c BK